000
00323nam a2200145Ia 4500
003
OSt
008
191201s2019 xx 000 0 und d
082
_a
621.076
_b
MAG
100
_a
MADE EASY
245
0
_a
Gate 2020 Mechanical Engineering
260
_b
Made Easy
300
_a
787
650
_a
B.Tech(ME)
942
_2
ddc
_c
BK
999
_c
6871
_d
6871